| 000 | 00321nam a2200097Ia 4500 | ||
|---|---|---|---|
| 082 | _aPAM 331.409678 TAN | ||
| 100 |
_aTanzania , United republic. Ministry of Community Development , Culture, Youth and Sports _92425 |
||
| 245 | _aSituation of Women in Tanzania | ||
| 260 |
_aDar es Salaam: _bThe Govt.Printer _c1988 |
||
| 942 | _cBK | ||
| 999 |
_c9288 _d9288 |
||